Plat par pays - Statistiques

Statistiques générales
  • Ce quiz a été pris 3 735 fois
  • Le résultat moyen est 8 sur 15
Statistiques - réponses
Plat Pays % Correct
Paella Espagne
98%
Pot-au-Feu France
93%
Pizza Italie
90%
Fish and Chips Royaume-Uni
76%
Fajita Mexique
74%
Poulet tandoori Inde
70%
Sashimi Japon
67%
Phở Vietnam
50%
Bacalhau Portugal
40%
Schnitzel Autriche
37%
Poulet Yassa Sénégal
30%
Goulasch Hongrie
27%
Key lime pie Etats-Unis
25%
Feijoada Brésil
20%
Ceviche Pérou
14%
Aucun quiz correspondant
Distribution des résultats
% des personnes avec chaque résultat
Percentile par nombre de réponses
Votre historique - résultats
Vous n’avez pas pris ce quiz